Biggest Cities on the Gulf of Guinea on a Map - Statistics

General Stats
  • This quiz has been taken 85 times
  • The average score is 8 of 15
Answers on the Map
Answers color-coded by a green-red scale on the quiz's map according to % correct below.
 
Answer Stats
Population City % Correct
1,658,937 Accra
96%
23,437,435 Lagos
91%
4,395,243 Abidjan
89%
837,437 Lomé
89%
679,012 Cotonou
84%
703,940 Libreville
84%
257,000 Malabo
82%
290,000 Bata
54%
136,462 Port-Gentil
35%
114,157 Sekondi
32%
175,436 Takoradi
32%
164,944 San-Pédro
21%
401,272 Lekki
16%
141,479 Tema
12%
253,262 Godomey
9%
No matching quizzes found
Score Distribution
Percent of People with Each Score
Percentile by Number Answered
Your Score History
You have not taken this quiz